<?xml version="1.0" encoding="UTF-8"?>
<record
    xmlns:xsi="http://www.w3.org/2001/XMLSchema-instance"
    xsi:schemaLocation="http://www.loc.gov/MARC21/slim http://www.loc.gov/standards/marcxml/schema/MARC21slim.xsd"
    xmlns="http://www.loc.gov/MARC21/slim">

  <leader>00632nam a2200193Ia 4500</leader>
  <controlfield tag="008">200824s9999||||xx |||||||||||||| ||und||</controlfield>
  <datafield tag="020" ind1=" " ind2=" ">
    <subfield code="a">962891135X</subfield>
  </datafield>
  <datafield tag="020" ind1=" " ind2=" ">
    <subfield code="a">9789628911356</subfield>
  </datafield>
  <datafield tag="041" ind1=" " ind2=" ">
    <subfield code="a">chi</subfield>
  </datafield>
  <datafield tag="050" ind1=" " ind2=" ">
    <subfield code="a">BR1285 </subfield>
    <subfield code="b">.X57 2008</subfield>
  </datafield>
  <datafield tag="100" ind1=" " ind2=" ">
    <subfield code="a">&#x90A2;&#x798F;&#x589E;</subfield>
  </datafield>
  <datafield tag="245" ind1=" " ind2="0">
    <subfield code="a">&#x57FA;&#x7763;&#x6559;&#x5728;&#x4E2D;&#x570B;&#x7684;&#x5931;&#x6557;? : </subfield>
    <subfield code="b">&#x4E2D;&#x570B;&#x5171;&#x7522;&#x904B;&#x52D5;&#x8207;&#x57FA;&#x7763;&#x6559;&#x53F2;&#x8AD6; /</subfield>
    <subfield code="c">&#x90A2;&#x798F;&#x589E;</subfield>
  </datafield>
  <datafield tag="246" ind1=" " ind2=" ">
    <subfield code="a">&#x57FA;&#x7763;&#x6559;&#x5728;&#x4E2D;&#x56FD;&#x7684;&#x5931;&#x8D25;? :</subfield>
    <subfield code="b">&#x4E2D;&#x56FD;&#x5171;&#x4EA7;&#x8FD0;&#x52A8;&#x4E0E;&#x57FA;&#x7763;&#x6559;&#x53F2;&#x8BBA;/</subfield>
  </datafield>
  <datafield tag="260" ind1=" " ind2=" ">
    <subfield code="a">&#x9999;&#x6E2F;:</subfield>
    <subfield code="b">&#x9053;&#x98A8;&#x66F8;&#x793E;</subfield>
    <subfield code="c">2008</subfield>
  </datafield>
  <datafield tag="300" ind1=" " ind2=" ">
    <subfield code="a">267 p.</subfield>
    <subfield code="b">;</subfield>
    <subfield code="c">21 cm.</subfield>
  </datafield>
  <datafield tag="650" ind1=" " ind2=" ">
    <subfield code="a">Christianity and politics -- China.</subfield>
  </datafield>
  <datafield tag="650" ind1=" " ind2=" ">
    <subfield code="a">Communism and Christianity -- China.</subfield>
  </datafield>
  <datafield tag="952" ind1=" " ind2=" ">
    <subfield code="0">0</subfield>
    <subfield code="1">0</subfield>
    <subfield code="4">0</subfield>
    <subfield code="7">0</subfield>
    <subfield code="a">GETS</subfield>
    <subfield code="b">GETS</subfield>
    <subfield code="c">GEN</subfield>
    <subfield code="d">2020-08-24</subfield>
    <subfield code="l">0</subfield>
    <subfield code="o">BR1285 .X57 2008</subfield>
    <subfield code="p">00005129</subfield>
    <subfield code="r">2020-08-24 00:00:00</subfield>
    <subfield code="w">2020-08-24</subfield>
    <subfield code="y">CB</subfield>
  </datafield>
  <datafield tag="999" ind1=" " ind2=" ">
    <subfield code="c">16946</subfield>
    <subfield code="d">16946</subfield>
  </datafield>
</record>
